Lecciones de historia de España : grados 2o y 3o / por José Udina y Cortines grados 2o y 3o / por José Udina y Cortines
Descripción Física:
60 p. ; 19 cm
Materias:
Espanya -- Història -- Ensenyament
MARC
| LEADER | 00000nam a2200000Ia 4500 | ||
|---|---|---|---|
| 001 | 23071 | ||
| 008 | 160829s1909 xx 000 0 cat d | ||
| 080 | |a E-1-392 | ||
| 100 | |a Udina i Cortiles, Josep |9 41399 | ||
| 245 | |a Lecciones de historia de España : |b grados 2o y 3o / por José Udina y Cortines | ||
| 260 | |a Barcelona : |b Imprenta Elzeviriana de Borrás y Mestres, |c 1909 | ||
| 300 | |a 60 p. ; |c 19 cm | ||
| 590 | |a Prové de la caixeta de Casa de Caritat, any 1878, núm. 2158, exp. 2162 | ||
| 650 | |a Espanya |x Història |x Ensenyament |9 41400 | ||
| 901 | |a Arxiu | ||
| 942 | |n 1 | ||
| 952 | |0 0 |1 0 |4 0 |6 E1392 |7 1 |9 50194 |a Arxiu |b Arxiu |d 2016-12-01 |l 0 |o E-1-392 |p 23071 |r 2016-12-01 00:00:00 |w 2016-12-01 |y ARXIU | ||
| 999 | |c 54036 |d 54036 | ||